Movies Quiz

Random Movies or Actress Quiz

Click the Acting Pairs Quiz Stats

 Plays Quiz Updated Jul 8, 2020

Support Sporcle.
Go Orange.
Score 0/30 Timer 09:00
2 Plays Today
% Correct
John Travolta & Olivia Newton-John
91.4%
Will Smith & Tommy Lee Jones
91%
Patrick Swayze & Jennifer Grey
88.6%
Elijah Wood & Viggo Mortensen
85.6%
Gal Gadot & Robin Wright
83.7%
Daisy Ridley & Harrison Ford
81.8%
Arnold Schwarzenegger & Shane Black
77.7%
Margot Robbie & Sebastian Stan
73%
Song Kang-ho & Park So-dam
72.3%
Frances McDormand & Lucas Hedges
71.7%
Scarlett Johansson & Adam Driver
68%
Ralph Fiennes & Tony Revolori
64.5%
Taron Egerton & Samuel L. Jackson
64.2%
Saoirse Ronan & Florence Pugh
60.7%
Jason Bateman & Jennifer Aniston
56%
% Correct
Saoirse Ronan & Beanie Feldstein
55.2%
Lupita Nyong'o & Winston Duke
54.8%
Don Cheadle & Karen Gillan
47.9%
Heather O'Rourke & JoBeth Williams
44.8%
Finn Wolfhard & Sophia Lillis
44.3%
Chris Hemsworth & Jeff Bridges
42.9%
George MacKay & Benedict Cumberbatch
40.2%
Beanie Feldstein & Billie Lourd
40.1%
Lily James & Sam Riley
33.7%
Patrick Wilson & Lin Shaye
30%
Charlize Theron & Oscar Isaac
28.8%
Leigh Whannell & Danny Glover
24.8%
Roman Griffin Davis & Alfie Allen
24.8%
Logan Marshall-Green & Betty Gabriel
20.3%
Maika Monroe & Keir Gilchrist
18.9%

You're not logged in!

Compare scores with friends on all Sporcle quizzes.
OR
Log In
Forgot?

From the Vault

Hollywood Squares III

by big8dog88

What about all the Hollywood Rectangles? They feel left out.
Remove Ads.
Support Sporcle.
Get the best of Sporcle when you Go Orange. This ad-free experience offers more features, more stats, and more fun while also helping to support Sporcle. Thank you for becoming a member.

Show Comments

Extras

Top Quizzes Today


Score Distribution

Your Account Isn't Verified!

In order to create a playlist on Sporcle, you need to verify the email address you used during registration. Go to your Sporcle Settings to finish the process.

Report this User

Report this user for behavior that violates our Community Guidelines.

Details: